Continents + Oceans Speedrun - Statistics

General Stats
  • This quiz has been taken 82 times
  • The average score is 5 of 12
Answer Stats
Answer % Correct
Asia
76%
North America
63%
Africa
59%
Europe
59%
South America
57%
Pacific Ocean
39%
Antarctica
28%
Atlantic Ocean
24%
Oceania
22%
Arctic Ocean
15%
Indian Ocean
7%
Southern Ocean
2%
No matching quizzes found
Score Distribution
Percent of People with Each Score
Percentile by Number Answered
Your Score History
You have not taken this quiz